Languages by Clue - Statistics

General Stats
  • This quiz has been taken 30 times
  • The average score is 12 of 15
Answer Stats
Hint Language % Correct
1) This Chinese language has the mostspeakers, at over 1.1 billion Mandarin
100%
4) An official language of South Africa, evolved froma form of Dutch during the age of exploration Afrikaans
93%
5) Chinese dialect that evolved in the Guangzhou region and Hong Kong Cantonese
89%
3) An official language of Andorra, spoken in thePyrenees area, northern Spain and southern France Catalan
89%
7) Known as the "language of the sky" as a basisfor pilots around the world English
89%
2) One of the official languages of Switzerland,deriving from a form of ancient Latin Romansh
85%
13) Spoken primarily in the Philippines, it is a basisfor Filipino Tagalog
85%
11) An official language of South Africa, it is similarto #6 with similar clicks and sounds Zulu
85%
14) Primarily spoken in the areas of Turkey, Iranand Syria Kurdish
81%
15) An official language of New Zealand, belongingto the original people that settled there Maori
81%
9) Also called Persian, the official language of Iran Farsi
78%
10) Bantu language of East Africa famously featuredin the Lion King with Hakuna Matata Swahili
74%
8) Spoken primarily in southern India, this Dravidianlanguage is over 2000 years old Tamil
74%
12) The primary language of Madagascar, evolvingfrom Austronesian roots Malagasy
70%
6) Known for its distinct clicks, this Bantu languagewas featured in the Black Panther movie Xhosa
67%
No matching quizzes found
Score Distribution
Percent of People with Each Score
Percentile by Number Answered
Your Score History
You have not taken this quiz